[Event "XII C.to Italiano U20"]
[Site "Bratto - Castione della Presolana ITA"]
[Date "2004.08.28"]
[Round "9"]
[White "Hellweger, Stefan"]
[Black "Ferrarese, Giacomo"]
[Result "1/2-1/2"]
[WhiteElo "1664"]
[BlackElo "1688"]
[PlyCount "199"]
[EventDate "2004.08.20"]

1. e4 c5 2. f4 d6 3. Bc4 Nc6 4. Nf3 Bg4 5. O-O Nf6 6. d3 a6 7. Nbd2 e6 8. h3
Bxf3 9. Nxf3 b5 10. Bb3 Qb6 11. Be3 Be7 12. g4 d5 13. e5 Nd7 14. Kh1 Qb7 15.
Qe2 c4 16. dxc4 dxc4 17. Bxc4 bxc4 18. Qxc4 O-O 19. b3 Rac8 20. Qe2 Nb6 21. c4
Rfd8 22. Kh2 Nd7 23. Rad1 Nc5 24. Bc1 Rxd1 25. Rxd1 Rd8 26. Rxd8+ Nxd8 27. Nd4
Qe4 28. Qxe4 Nxe4 29. Nc2 a5 30. Kg2 Nc6 31. Kf3 Nc3 32. a3 Kf8 33. Ke3 Nb1 34.
Kd3 Bc5 35. Bb2 Bf2 36. b4 axb4 37. axb4 Bg3 38. Ke3 Ke7 39. Kf3 Bh2 40. b5 Na5
41. Ne3 Nd2+ 42. Ke2 Ndxc4 43. Bc3 Bxf4 44. Nxc4 Nxc4 45. Kd3 Nxe5+ 46. Ke4 Ng6
47. h4 Bb8 48. h5 Nf8 49. Bxg7 Nd7 50. Bd4 Nf6+ 51. Kf3 Nd5 52. g5 Kd6 53. Kg4
e5 54. Bg1 Ke6 55. Bc5 e4 56. b6 e3 57. b7 e2 58. Bf2 Nc3 59. Be1 Na4 60. Kf3
Nc5 61. Kxe2 Nxb7 62. Kf3 Kf5 63. g6 fxg6 64. hxg6 hxg6 65. Bd2 Nc5 66. Bh6 Ne6
67. Bc1 Bf4 68. Ba3 g5 69. Bb4 g4+ 70. Kg2 Nd4 71. Bc5 Be5 72. Bb4 Ne6 73. Be1
Nf4+ 74. Kh1 Ke4 75. Kg1 Kf3 76. Bh4 Nh3+ 77. Kh1 Bg3 78. Bxg3 Nf2+ 79. Kh2 Ne4
80. Be5 Ng5 81. Kg1 Nh3+ 82. Kf1 Nf2 83. Bh2 Ne4 84. Bc7 Nd2+ 85. Kg1 Ke4 86.
Kg2 Kf5 87. Bb8 Kg5 88. Bg3 Kh5 89. Bb8 Ne4 90. Bc7 Kh4 91. Bd8+ Ng5 92. Bc7
Ne4 93. Bd8+ Kh5 94. Bc7 Nd2 95. Kg3 Nf3 96. Kg2 Kg5 97. Kg3 Kf5 98. Bb8 Nd2
99. Bc7 Nf1+ 100. Kf2 1/2-1/2

[Event "XII C.to Italiano U20"]
[Site "Bratto - Castione della Presolana ITA"]
[Date "2004.08.28"]
[Round "9"]
[White "Imbraguglia, Fabio"]
[Black "Oblak, Mitja"]
[Result "1/2-1/2"]
[WhiteElo "1988"]
[BlackElo "1556"]
[PlyCount "60"]
[EventDate "2004.08.20"]

1. e4 d5 2. exd5 Qxd5 3. Nc3 Qa5 4. Nf3 Nf6 5. d4 Bg4 6. Bc4 e6 7. O-O Be7 8.
Qd3 O-O 9. Bd2 Qf5 10. Ne5 Nbd7 11. Nxg4 Qxg4 12. h3 Qg6 13. Qxg6 hxg6 14. Ne2
Ne4 15. Be3 Bg5 16. Rad1 Bxe3 17. fxe3 c6 18. Nf4 Ndf6 19. a4 Nd5 20. Nxd5 cxd5
21. Bd3 Nd6 22. Rfe1 a6 23. e4 dxe4 24. Bxe4 Nxe4 25. Rxe4 Rac8 26. c3 Rc4 27.
Ra1 b5 28. axb5 axb5 29. Ra3 b4 30. cxb4 Rxb4 1/2-1/2

[Event "XII C.to Italiano U20"]
[Site "Bratto - Castione della Presolana ITA"]
[Date "2004.08.28"]
[Round "9"]
[White "Laurenti, Stefano"]
[Black "Polilli, Andrea"]
[Result "1-0"]
[WhiteElo "1823"]
[BlackElo "1679"]
[PlyCount "99"]
[EventDate "2004.08.20"]

1. e4 e5 2. Nf3 Nc6 3. d4 exd4 4. Bc4 Be7 5. Nxd4 Nf6 6. Nc3 O-O 7. O-O h6 8.
Bf4 d6 9. Re1 Ne5 10. Bb3 a6 11. h3 c5 12. Bxe5 dxe5 13. Nf5 Bxf5 14. exf5 b5
15. a4 b4 16. Nd5 Bd6 17. Qf3 Kh7 18. Rad1 Ra7 19. Qd3 Bc7 20. Qc4 Bd6 21. Rd2
Qb8 22. Red1 Rd8 23. Qe2 Ne8 24. Bc4 a5 25. f6 g6 26. h4 Bf8 27. h5 Nd6 28. Bd3
Re8 29. hxg6+ fxg6 30. Qg4 e4 31. Nf4 g5 32. Bxe4+ Rxe4 33. Rxd6 Rxf4 34. Rd7+
Rxd7 35. Rxd7+ Kg6 36. Qe6 Rxf6 37. Qe4+ Kh5 38. Rd3 Qc8 39. Rh3+ Qxh3 40. gxh3
Rf4 41. Qe8+ Kh4 42. Kg2 c4 43. Qe5 c3 44. bxc3 bxc3 45. Qxa5 Bg7 46. Qa6 h5
47. Qd6 Bd4 48. f3 Be3 49. Qe5 Bd2 50. a5 1-0

[Event "XII C.to Italiano U20"]
[Site "Bratto - Castione della Presolana ITA"]
[Date "2004.08.28"]
[Round "9"]
[White "Longo, Aldo"]
[Black "Santacroce, Fidel"]
[Result "0-1"]
[WhiteElo "1888"]
[BlackElo "1661"]
[PlyCount "98"]
[EventDate "2004.08.20"]

1. e4 c5 2. Nc3 Nc6 3. g3 g6 4. Bg2 Bg7 5. d3 d6 6. f4 a6 7. Nf3 Bg4 8. h3 Bxf3
9. Bxf3 Rb8 10. Be3 Nf6 11. O-O O-O 12. g4 Nd7 13. Qd2 Nd4 14. Bg2 b5 15. Rab1
a5 16. Ne2 b4 17. f5 a4 18. Nxd4 cxd4 19. Bh6 Qc7 20. Rf2 b3 21. cxb3 axb3 22.
a3 Rfc8 23. Rc1 Qxc1+ 24. Qxc1 Rxc1+ 25. Bxc1 Rc8 26. Bd2 Nc5 27. Bf1 Na4 28.
Bf4 Rc2 29. Rxc2 bxc2 30. Bc1 Nc5 31. b4 Nb3 32. Bf4 c1=Q 33. Bxc1 Nxc1 34. b5
Nb3 35. Be2 Kf8 36. Bd1 Na5 37. Kf1 Ke8 38. Ke1 Bh6 39. Bc2 Kd7 40. Bb1 gxf5
41. exf5 d5 42. h4 Bc1 43. a4 Kd6 44. Kd1 Be3 45. Kc2 Ke5 46. Ba2 e6 47. fxe6
fxe6 48. Kb2 Kf4 49. Ka3 Bd2 0-1

[Event "XII C.to Italiano U20"]
[Site "Bratto - Castione della Presolana ITA"]
[Date "2004.08.28"]
[Round "9"]
[White "Mandolini, Riccardo"]
[Black "Bdair, Bilal"]
[Result "0-1"]
[WhiteElo "1799"]
[BlackElo "2012"]
[PlyCount "40"]
[EventDate "2004.08.20"]

1. Nc3 c5 2. e4 d6 3. Nf3 Nf6 4. e5 dxe5 5. Nxe5 a6 6. Bc4 e6 7. Bb3 Nfd7 8.
Nf3 Nc6 9. O-O b5 10. a4 c4 11. axb5 cxb3 12. bxc6 Nb8 13. Ne5 Bd6 14. Qf3 Bxe5
15. c7 Qxc7 16. Qxa8 Bb7 17. Qa7 Bxh2+ 18. Kh1 Bxg2+ 19. Kxg2 Qxa7 20. Kxh2
bxc2 0-1

[Event "XII C.to Italiano U20"]
[Site "Bratto - Castione della Presolana ITA"]
[Date "2004.08.28"]
[Round "9"]
[White "Nizzardo, Mattia"]
[Black "Berardi, Alessandro"]
[Result "1/2-1/2"]
[WhiteElo "1772"]
[BlackElo "1577"]
[PlyCount "52"]
[EventDate "2004.08.20"]

1. e4 e6 2. d4 d5 3. exd5 exd5 4. h3 Be6 5. Bd3 Nf6 6. Nf3 Nbd7 7. Bg5 Bd6 8.
O-O h6 9. Bh4 c5 10. c3 Qc7 11. dxc5 Bxc5 12. Bg3 Bd6 13. Bxd6 Qxd6 14. Nbd2
O-O 15. Nd4 Nc5 16. N2f3 a6 17. Qd2 Nce4 18. Qc2 Rfe8 19. Rfe1 Bd7 20. Re3 Re7
21. Rae1 Rae8 22. Qe2 Kf8 23. Nd2 Nc5 24. Rxe7 Rxe7 25. Qxe7+ Qxe7 26. Rxe7
Kxe7 1/2-1/2

[Event "XII C.to Italiano U20"]
[Site "Bratto - Castione della Presolana ITA"]
[Date "2004.08.28"]
[Round "9"]
[White "Pagan, Andrea"]
[Black "Pomaro, Alberto"]
[Result "1-0"]
[WhiteElo "1679"]
[BlackElo "1727"]
[PlyCount "49"]
[EventDate "2004.08.20"]

1. d4 Nf6 2. c4 c5 3. d5 b5 4. cxb5 a6 5. e3 Bb7 6. Nc3 d6 7. e4 Nbd7 8. bxa6
Bxa6 9. Bxa6 Rxa6 10. Nf3 g6 11. O-O Bg7 12. Qe2 Rb6 13. Nd2 O-O 14. Nc4 Rb7
15. Bd2 h5 16. h3 Qc7 17. Na4 Ra8 18. b3 Ne8 19. Rac1 Qb8 20. Bc3 Bxc3 21. Rxc3
Nc7 22. g4 hxg4 23. hxg4 Kg7 24. Rh3 Nb5 25. Qd2 1-0

[Event "XII C.to Italiano U20"]
[Site "Bratto - Castione della Presolana ITA"]
[Date "2004.08.28"]
[Round "9"]
[White "Pagan, Nicolo'"]
[Black "Lampl, Gerald"]
[Result "1/2-1/2"]
[WhiteElo "1709"]
[BlackElo "1841"]
[PlyCount "42"]
[EventDate "2004.08.20"]

1. d4 Nf6 2. c4 e6 3. Nc3 Bb4 4. Qc2 c5 5. dxc5 Na6 6. Bd2 Bxc5 7. a3 O-O 8.
Nf3 b6 9. b4 Be7 10. e3 Bb7 11. Be2 Nc7 12. O-O d5 13. cxd5 Ncxd5 14. Nxd5 Nxd5
15. Rac1 Qb8 16. Qb3 a6 17. Nd4 Qd6 18. Bf3 Rab8 19. Rfd1 Bf6 20. Be1 Rfc8 21.
Qb1 Rxc1 1/2-1/2

[Event "XII C.to Italiano U20"]
[Site "Bratto - Castione della Presolana ITA"]
[Date "2004.08.28"]
[Round "9"]
[White "Procacci, Sergio"]
[Black "Buono, Valerio"]
[Result "1-0"]
[WhiteElo "1756"]
[BlackElo "1978"]
[PlyCount "175"]
[EventDate "2004.08.20"]

1. c4 a6 2. Nc3 b6 3. Nf3 c6 4. g3 d6 5. Bg2 e6 6. d4 Bb7 7. e4 f6 8. O-O Be7
9. Be3 g5 10. d5 e5 11. dxc6 Bxc6 12. Nd5 Bxd5 13. Qxd5 Nd7 14. Bh3 Rb8 15. Bf5
Nh6 16. Nh4 Bf8 17. Qd2 Qe7 18. Ng2 Nxf5 19. exf5 h5 20. h4 g4 21. Rad1 Qh7 22.
Qd3 Nc5 23. Bxc5 bxc5 24. b3 Rd8 25. Qe4 Qd7 26. Nf4 Be7 27. Ne6 Rc8 28. Rd5
Kf7 29. Rfd1 Qc6 30. Qe3 a5 31. Kh2 Rb8 32. Rg1 Rbg8 33. Rdd1 Ra8 34. Rde1 Ra7
35. Re2 Rd7 36. Rd1 Rb7 37. Rd5 Rbb8 38. Nf4 Rbd8 39. Ng6 Rh7 40. f4 gxf3 41.
Qxf3 Qc8 42. Rd3 Qa8 43. Rd5 Qc6 44. Rg2 Rg8 45. Qd3 Qc7 46. Qd1 Rd8 47. g4 Qc8
48. Qf3 hxg4 49. Qxg4 Ke8 50. Nxe5 Rxh4+ 51. Qxh4 fxe5 52. Qh5+ Kd7 53. Qf7
Rh8+ 54. Kg1 Qe8 55. Qg6 Qxg6 56. fxg6 Rg8 57. Rd3 Ke6 58. Re3 Bf8 59. Kf2 Bh6
60. Rh3 Bg7 61. Ke2 Re8 62. Rh7 Rg8 63. Ke3 Kf6 64. Ke4 Ke6 65. Rg4 Kf6 66. Kf3
Kf5 67. Kg3 Kf6 68. Rh1 Ke6 69. Rf1 Bf6 70. Rf2 Rg7 71. Rh2 Kf5 72. Rh5+ Ke6
73. Rh8 Kf5 74. Rf8 Ke6 75. Ra8 Kf5 76. Rxa5 e4 77. Ra8 Be5+ 78. Kh3 e3 79.
Rf8+ Ke6 80. Kg2 Bd4 81. Kf3 Ke7 82. Rf7+ Rxf7+ 83. gxf7 Kxf7 84. Re4 Be5 85.
Rxe5 dxe5 86. Kxe3 Ke6 87. Ke4 Kd6 88. a4 1-0

[Event "XII C.to Italiano U20"]
[Site "Bratto - Castione della Presolana ITA"]
[Date "2004.08.28"]
[Round "9"]
[White "Reduzzi, Maurizio"]
[Black "Bevilacqua, Andrea"]
[Result "1-0"]
[WhiteElo "2114"]
[BlackElo "1736"]
[PlyCount "161"]
[EventDate "2004.08.20"]

1. d4 Nf6 2. Nf3 g6 3. c4 Bg7 4. Nc3 O-O 5. e4 d6 6. Be2 Nc6 7. d5 Nb8 8. O-O
e5 9. dxe6 Bxe6 10. Nd4 Nc6 11. Be3 Nd7 12. Nd5 Nxd4 13. Bxd4 f6 14. Qd2 Nb6
15. Rad1 Nxd5 16. cxd5 Bd7 17. Rc1 c5 18. dxc6 Bxc6 19. Qf4 Qe7 20. Bc4+ Kh8
21. Rfe1 Rfe8 22. Bc3 Rac8 23. f3 Red8 24. Bb3 b6 25. Rcd1 Bb5 26. Bd5 Bc4 27.
Rd2 Bxd5 28. Rxd5 Rc5 29. Red1 Rxd5 30. Rxd5 Rd7 31. h4 Qe6 32. g4 Kg8 33. Kf2
Qe7 34. h5 Qf8 35. Kg2 g5 36. Qf5 Qf7 37. Kg3 h6 38. Kg2 Qe7 39. Bb4 Bf8 40.
Bc3 Bg7 41. Rd3 Qf7 42. Kf2 Qe7 43. Ke3 Kh8 44. Qd5 Bf8 45. Kd2 Rc7 46. Bb4 Rd7
47. Qf5 Qf7 48. Rd5 Kg7 49. Bc3 Rc7 50. Kd3 Rc5 51. Kd4 Rc7 52. a4 Rd7 53. a5
Rc7 54. Kd3 Be7 55. axb6 axb6 56. Kd2 Rc5 57. Kd3 Rc6 58. Qd7 Rc5 59. Kd4 Bf8
60. Qxf7+ Kxf7 61. Rxc5 bxc5+ 62. Kd5 Ke7 63. Kc6 Ke6 64. Kc7 Ke7 65. Kc8 Ke6
66. Kd8 Kf7 67. Kd7 c4 68. Bb4 d5 69. Bxf8 dxe4 70. fxe4 Kxf8 71. Ke6 Ke8 72.
Kd5 c3 73. bxc3 Kd7 74. c4 Ke7 75. c5 Kd7 76. c6+ Kc7 77. Ke6 Kxc6 78. Kxf6 Kd7
79. Kg6 Ke6 80. Kxh6 Kf6 81. e5+ 1-0

[Event "XII C.to Italiano U20"]
[Site "Bratto - Castione della Presolana ITA"]
[Date "2004.08.28"]
[Round "9"]
[White "Reginato, Mauro"]
[Black "Buchicchio, Roberto"]
[Result "0-1"]
[WhiteElo "1574"]
[BlackElo "1832"]
[PlyCount "72"]
[EventDate "2004.08.20"]

1. e4 c5 2. Nf3 Nc6 3. d4 cxd4 4. Nxd4 g6 5. Be3 Bg7 6. f3 Nf6 7. Qd2 O-O 8.
Be2 d5 9. e5 Nxe5 10. Nc3 Nc6 11. O-O-O e5 12. Nxc6 bxc6 13. Bc5 Re8 14. h4 Qa5
15. Ba3 Rb8 16. g4 e4 17. h5 exf3 18. hxg6 fxe2 19. gxf7+ Kxf7 20. g5 exd1=Q+
21. Rxd1 d4 22. gxf6 dxc3 23. Qf4 Qe5 24. Qc4+ Be6 25. Rd7+ Kxf6 26. Qh4+ Qg5+
27. Qxg5+ Kxg5 28. Rxg7+ Kh6 29. Rg1 Rb5 30. Bd6 cxb2+ 31. Kb1 Bxa2+ 32. Kxa2
b1=Q+ 33. Rxb1 Rxb1 34. Kxb1 Kg5 35. Kb2 h5 36. Kb3 Re4 0-1

[Event "XII C.to Italiano U20"]
[Site "Bratto - Castione della Presolana ITA"]
[Date "2004.08.28"]
[Round "9"]
[White "Regorda, Massimiliano"]
[Black "Rombaldoni, Brian"]
[Result "1-0"]
[WhiteElo "1703"]
[BlackElo "1452"]
[PlyCount "93"]
[EventDate "2004.08.20"]

1. e4 c6 2. d4 d5 3. Nc3 dxe4 4. Nxe4 Bf5 5. Ng3 Bg6 6. Nf3 e6 7. Bd3 Bxd3 8.
Qxd3 Qc7 9. O-O Nd7 10. c3 O-O-O 11. Qc2 Ngf6 12. Be3 Kb8 13. a4 Bd6 14. b4 Ng4
15. Rfe1 h5 16. Nh4 f6 17. b5 cxb5 18. axb5 g5 19. Ng6 Rh6 20. Bd2 h4 21. Nf1
Bxh2+ 22. Nxh2 Qxh2+ 23. Kf1 f5 24. Bxg5 Rxg6 25. Bxd8 f4 26. Qe4 Ndf6 27. Bxf6
Rxf6 28. Ke2 f3+ 29. gxf3 Qxf2+ 30. Kd3 Rxf3+ 31. Kc4 Ne3+ 32. Kb3 h3 33. Qe5+
Kc8 34. Qxe6+ Kc7 35. Qe7+ Kc8 36. Qe6+ Kc7 37. Qe7+ Kc8 38. Qe8+ Kc7 39. Qe5+
Kd7 40. Rec1 h2 41. Rxa7 Kc8 42. Ra8+ Kd7 43. Qe8+ Kd6 44. Rd8+ Kc7 45. Qd7+
Kb6 46. Qd6+ Kxb5 47. Qc5+ 1-0

[Event "XII C.to Italiano U20"]
[Site "Bratto - Castione della Presolana ITA"]
[Date "2004.08.28"]
[Round "9"]
[White "Ronchetti, Niccolo'"]
[Black "Lain, Luigi"]
[Result "1/2-1/2"]
[WhiteElo "2216"]
[BlackElo "2243"]
[PlyCount "57"]
[EventDate "2004.08.20"]

1. e4 e5 2. Nf3 Nc6 3. Bb5 Nge7 4. O-O g6 5. c3 Bg7 6. d4 exd4 7. cxd4 d5 8.
exd5 Nxd5 9. Re1+ Be6 10. Ne5 Qd6 11. Nc3 Nxc3 12. bxc3 O-O 13. Bxc6 bxc6 14.
Bf4 g5 15. Bg3 f5 16. h4 f4 17. Bh2 h6 18. hxg5 hxg5 19. Qh5 Rf5 20. g4 Rxe5
21. Rxe5 Bxe5 22. dxe5 Qxe5 23. Bxf4 Qxf4 24. Qg6+ Kf8 25. Qxe6 Re8 26. Qh6+
Kg8 27. Qg6+ Kf8 28. Qh6+ Kg8 29. Qg6+ 1/2-1/2

[Event "XII C.to Italiano U20"]
[Site "Bratto - Castione della Presolana ITA"]
[Date "2004.08.28"]
[Round "9"]
[White "Rostolis, Riccardo"]
[Black "Bonafede, Alessandro"]
[Result "0-1"]
[WhiteElo "1709"]
[BlackElo "2107"]
[PlyCount "68"]
[EventDate "2004.08.20"]

1. e4 c5 2. Nf3 Nc6 3. d4 cxd4 4. Nxd4 Nf6 5. Nc3 e5 6. Ndb5 d6 7. Bg5 a6 8.
Na3 b5 9. Bxf6 gxf6 10. Nd5 Bg7 11. Be2 f5 12. Bf3 O-O 13. c3 Kh8 14. O-O fxe4
15. Bxe4 f5 16. Bf3 Bb7 17. Nc2 Rc8 18. a4 bxa4 19. Rxa4 a5 20. Na3 e4 21. Be2
Ne5 22. Nf4 Qe7 23. Nc4 Nxc4 24. Bxc4 Qe5 25. Ne6 Rxc4 26. Nxf8 Rxa4 27. Qxa4
Bxf8 28. Qd7 Bd5 29. Qd8 Kg7 30. Qxa5 f4 31. Rd1 Bc4 32. Qc7+ Bf7 33. Qa7 Kg6
34. Qb8 Be7 0-1

[Event "XII C.to Italiano U20"]
[Site "Bratto - Castione della Presolana ITA"]
[Date "2004.08.28"]
[Round "9"]
[White "Santagati, Alessandro"]
[Black "Lettieri, Giuseppe"]
[Result "0-1"]
[WhiteElo "2176"]
[BlackElo "2144"]
[PlyCount "90"]
[EventDate "2004.08.20"]

1. d4 Nf6 2. c4 e6 3. Nf3 b6 4. g3 Ba6 5. Qc2 c5 6. Bg2 Bb7 7. O-O Be7 8. Rd1
cxd4 9. Nxd4 Bxg2 10. Kxg2 a6 11. e4 Qc7 12. Qe2 d6 13. Nc3 O-O 14. Be3 Qb7 15.
Qf3 Nbd7 16. Bg5 Rac8 17. Qe2 Ne5 18. b3 b5 19. f4 Ned7 20. Re1 bxc4 21. Rab1
cxb3 22. Rxb3 Qa7 23. Rd1 Nc5 24. Ra3 Qb7 25. Rb1 Qa8 26. Re1 Rfe8 27. Nb3 Nxb3
28. Rxb3 Qc6 29. Kh3 h6 30. Bh4 Rb8 31. Reb1 Rxb3 32. Rxb3 Nd7 33. Bxe7 Rxe7
34. Qb2 Re8 35. Rb7 Rc8 36. Rb3 d5 37. exd5 exd5 38. Qd2 Nc5 39. Ra3 Rd8 40.
Ne2 d4 41. Nc1 Qd7+ 42. Kg2 d3 43. Qd1 Qd5+ 44. Kh3 d2 45. Nb3 Ne4 0-1

[Event "XII C.to Italiano U20"]
[Site "Bratto - Castione della Presolana ITA"]
[Date "2004.08.28"]
[Round "9"]
[White "Seminara, Antonio"]
[Black "Perico', Alessandro"]
[Result "0-1"]
[WhiteElo "1937"]
[BlackElo "1685"]
[PlyCount "66"]
[EventDate "2004.08.20"]

1. d4 Nf6 2. Bg5 Ne4 3. Bh4 g5 4. f3 gxh4 5. fxe4 Bh6 6. Nf3 e6 7. Nc3 d6 8.
Qd3 Bd7 9. e3 Nc6 10. a3 f5 11. exf5 exf5 12. O-O-O Kf7 13. g3 Re8 14. Re1 Qe7
15. Nd5 Qe4 16. Nf4 Qxf3 17. Bg2 Qg4 18. Bd5+ Kf6 19. h3 Qg5 20. Qb5 Rab8 21.
Bf3 a6 22. Nd5+ Kf7 23. Qd3 Ne7 24. Nf4 d5 25. Rhg1 hxg3 26. h4 Qf6 27. Nh5
Qxh4 28. Rxg3 Ng6 29. Bxd5+ Kf8 30. Rh1 Qe7 31. Kb1 Bxe3 32. Re1 Qd6 33. Bc4
Bf2 0-1

[Event "XII C.to Italiano U20"]
[Site "Bratto - Castione della Presolana ITA"]
[Date "2004.08.28"]
[Round "9"]
[White "Taglione, Stefano"]
[Black "Angelini, Marco"]
[Result "1/2-1/2"]
[WhiteElo "1700"]
[BlackElo "1682"]
[PlyCount "67"]
[EventDate "2004.08.20"]

1. e4 c5 2. Nf3 d6 3. d4 cxd4 4. Nxd4 Nf6 5. Nc3 a6 6. a3 e6 7. Bc4 Qc7 8. Bb3
Be7 9. O-O O-O 10. Be3 Nc6 11. Qd2 Rd8 12. Rad1 Na5 13. Rfe1 Nc4 14. Bxc4 Qxc4
15. Qd3 Qc7 16. Nf3 b5 17. h3 Bb7 18. Bg5 h6 19. Bh4 Rac8 20. Qe3 d5 21. exd5
Nxd5 22. Nxd5 Bxd5 23. Bxe7 Qxe7 24. c3 Qb7 25. h4 Bxf3 26. Qxf3 Qxf3 27. gxf3
Kf8 28. Kg2 Ke7 29. f4 Rxd1 30. Rxd1 Rd8 31. Rxd8 Kxd8 32. Kf3 Kd7 33. Ke4 Kd6
34. Kd4 1/2-1/2

[Event "XII C.to Italiano U20"]
[Site "Bratto - Castione della Presolana ITA"]
[Date "2004.08.28"]
[Round "9"]
[White "Tomba, Ivan"]
[Black "Rombaldoni, Denis"]
[Result "1/2-1/2"]
[WhiteElo "2292"]
[BlackElo "2224"]
[PlyCount "72"]
[EventDate "2004.08.20"]

1. e4 c6 2. d4 d5 3. Nc3 g6 4. Nf3 Bg7 5. h3 Nf6 6. e5 Nfd7 7. Bd3 b5 8. Ng5
Nf8 9. O-O h6 10. Nf3 Ne6 11. Ne2 a5 12. Nh4 Qb6 13. c3 Nf8 14. Kh1 Na6 15. f4
e6 16. Nf3 Bd7 17. g4 h5 18. Kg2 O-O-O 19. Ng3 hxg4 20. hxg4 Kb7 21. Ng5 Be8
22. f5 gxf5 23. gxf5 f6 24. exf6 Bxf6 25. fxe6 Bxg5 26. Bxg5 Nxe6 27. Bxd8 Qxd8
28. Qg4 Nac7 29. Rae1 Rh4 30. Qf5 Bd7 31. Qf6 Qxf6 32. Rxf6 Nf4+ 33. Rxf4 Rxf4
34. Rf1 Ne6 35. Bf5 Rxf1 36. Kxf1 Nf8 1/2-1/2

[Event "XII C.to Italiano U20"]
[Site "Bratto - Castione della Presolana ITA"]
[Date "2004.08.28"]
[Round "9"]
[White "Xia, Jie"]
[Black "Gatterer, Matthias"]
[Result "1-0"]
[WhiteElo "2126"]
[BlackElo "1844"]
[PlyCount "153"]
[EventDate "2004.08.20"]

1. e4 e6 2. d4 d5 3. e5 c5 4. c3 Nc6 5. Nf3 Qb6 6. Bd3 cxd4 7. cxd4 Bd7 8. O-O
Nxd4 9. Nxd4 Qxd4 10. Nc3 a6 11. Qe2 Rc8 12. Kh1 Bc5 13. Bd2 Qh4 14. f4 Nh6 15.
Be1 Qd8 16. Qh5 Be7 17. Rd1 O-O 18. Rf3 f5 19. exf6 Bxf6 20. Rg3 Kh8 21. Bd2
Be8 22. Qe2 Bf7 23. Rh3 Kg8 24. Rf1 Qe8 25. Nd1 Be7 26. Bc3 Bd6 27. Rxh6 gxh6
28. Qg4+ Bg6 29. f5 exf5 30. Qd4 Be5 31. Qxd5+ Bf7 32. Qxe5 Qxe5 33. Bxe5 Bxa2
34. Ne3 Be6 35. h3 Rc6 36. Nxf5 Bxf5 37. Bxf5 Re8 38. Bc3 Re3 39. Bd4 Re2 40.
Bb1 Rce6 41. Ba2 R2e4 42. Bxe6+ Rxe6 43. Rf6 Re4 44. Bc3 h5 45. Rb6 Re7 46. Rh6
Re2 47. Rxh5 b5 48. Rc5 b4 49. Bxb4 Rxb2 50. Ba3 Rb3 51. Ra5 Rb6 52. g3 Rc6 53.
h4 Kf7 54. Kg2 Kg6 55. Kh3 h6 56. Rd5 Rc3 57. Rd6+ Kh5 58. Rd5+ Kg6 59. h5+ Kf7
60. Ra5 Rc6 61. g4 Re6 62. Kh4 Rc6 63. Ra4 Kf6 64. Bb2+ Kf7 65. g5 hxg5+ 66.
Kxg5 Rc2 67. Ba1 Rc6 68. Rf4+ Kg8 69. Rf6 Rc1 70. Rxa6 Rg1+ 71. Kh6 Kf7 72. Kh7
Kf8 73. h6 Kf7 74. Ra7+ Ke8 75. Bg7 Rf1 76. Kg8 Rf6 77. h7 1-0

[Event "XXIV Festival Conca della Presolana A"]
[Site "Bratto - Castione della Presolana ITA"]
[Date "2004.08.20"]
[Round "1"]
[White "Agnelli, Francesco"]
[Black "Bancod, Ronald"]
[Result "0-1"]
[WhiteElo "2097"]
[BlackElo "2354"]
[PlyCount "83"]
[EventDate "2004.08.20"]

1.e4 c5 2.Nf3 d6 3.d4 Nf6 4.Nc3 cxd4 5.Nxd4 g6 6.Be3 Bg7 7.f3 O-O 8.Qd2 
Nc6 9.Bc4 Bd7 10.O-O-O Qa5 11.Bb3 Rfc8 12.Kb1 Ne5 13.Rhe1 Nc4 14.Bxc4 Rxc4
15.Nb3 Qc7 16.g4 Bc6 17.Bd4 a5 18.e5 dxe5 19.Bxe5 Qb6 20.Bd4 Qc7 21.Be5 
Qb6 22.Bd4 Qb4 23.a3 Qd6 24.Qe3 Qxh2 25.Be5 Qh3 26.Nxa5 Nxg4 27.fxg4 Qxe3 
28.Rxe3 Rxa5 29.Rd8+ Bf8 30.Bc7 Rg5 31.Rxe7 Rcxg4 32.Bd6 Rd4 33.Rxf8+ Kxf8
34.Re5+ Rxd6 35.Rxg5 h5 36.b4 h4 37.Rg4 h3 38.Rh4 Bg2 39.Ne2 g5 40.Rh8+ 
Kg7 41.Rh5 Kg6 42.Ng3 0-1

[Event "XXIV Festival Conca della Presolana A"]
[Site "Bratto - Castione della Presolana ITA"]
[Date "2004.08.20"]
[Round "1"]
[White "Agrifoglio, Fabio"]
[Black "Antognini, Francesco"]
[Result "1-0"]
[WhiteElo "2022"]
[BlackElo "2193"]
[PlyCount "51"]
[EventDate "2004.08.20"]

1.d4 Nf6 2.c4 e6 3.Nf3 b6 4.Nc3 Bb4 5.Qc2 O-O 6.a3 Bxc3+ 7.bxc3 Bb7 8.e3 
Ne4 9.Bd3 f5 10.h4 d6 11.Bb2 Nd7 12.O-O-O c5 13.d5 exd5 14.cxd5 Bxd5 15.c4
Bb7 16.g4 Qe7 17.gxf5 b5 18.Rhg1 Ndf6 19.Ng5 Rae8 20.Ne6 Rf7 21.f3 bxc4 
22.Bxc4 d5 23.fxe4 dxc4 24.Qxc4 Bxe4 25.Nxg7 Kf8 26.Ne6+ 1-0

[Event "XXIV Festival Conca della Presolana A"]
[Site "Bratto - Castione della Presolana ITA"]
[Date "2004.08.20"]
[Round "1"]
[White "Astengo, Marcello"]
[Black "Cugini, Verter"]
[Result "1/2-1/2"]
[WhiteElo "2056"]
[BlackElo "2219"]
[PlyCount "83"]
[EventDate "2004.08.20"]

1.d4 d6 2.c4 e5 3.dxe5 dxe5 4.Qxd8+ Kxd8 5.Nf3 f6 6.Nc3 c6 7.g3 Be6 8.b3 
Na6 9.Bb2 Kc7 10.Bg2 Rd8 11.O-O Nh6 12.Rfd1 Bb4 13.Rac1 Rxd1+ 14.Rxd1 Re8 
15.Ne4 Nf7 16.Kf1 Be7 17.e3 Bg4 18.Rc1 Nb4 19.Ne1 Nxa2 20.Ra1 Nb4 21.Ra4 
Na6 22.Ra1 Rd8 23.Bc3 f5 24.Rxa6 bxa6 25.Ba5+ Kc8 26.Bxd8 Kxd8 27.f3 Bh5 
28.Nf2 Nd6 29.Ned3 Bf6 30.Nb4 Kc7 31.Nxa6+ Kb6 32.Nb4 a5 33.Nbd3 c5 34.Nb2
Be8 35.e4 fxe4 36.Nxe4 Nxe4 37.fxe4 Bh5 38.Kf2 Bg5 39.Bf3 Bg6 40.Nd3 Bf6 
41.Ke3 Be8 42.Bd1 1/2-1/2

[Event "XXIV Festival Conca della Presolana A"]
[Site "Bratto - Castione della Presolana ITA"]
[Date "2004.08.20"]
[Round "1"]
[White "Barlocco, Carlo"]
[Black "Godena, Michele"]
[Result "0-1"]
[WhiteElo "2148"]
[BlackElo "2545"]
[PlyCount "80"]
[EventDate "2004.08.20"]

1.d4 d5 2.Nc3 Nf6 3.Nf3 e6 4.Bf4 c5 5.e3 a6 6.Be2 Nc6 7.O-O Be7 8.Re1 O-O 
9.h3 b5 10.Bf1 Bb7 11.Ne5 Rc8 12.a4 b4 13.Nb1 Qb6 14.dxc5 Qxc5 15.Nd3 Qb6 
16.Nd2 Rfd8 17.Nf3 Ne4 18.Nfe5 f6 19.Nf3 e5 20.Bh2 Na5 21.Nh4 b3 22.Nf5 
Bf8 23.c3 Nc4 24.Qg4 Kh8 25.Nc1 Rc7 26.Nd4 Bc8 27.Qd1 Nxb2 28.Qxb3 Qxb3 
29.Ndxb3 Rxc3 30.Ra2 Nc4 31.Bxc4 dxc4 32.Na5 Be6 33.Ne2 Rcd3 34.f3 Bb4 35.
Rf1 Bxa5 36.fxe4 Rxe3 37.Ng3 c3 38.Re2 Rxe2 39.Nxe2 Bc4 40.Kf2 Rd2 0-1

[Event "XXIV Festival Conca della Presolana A"]
[Site "Bratto - Castione della Presolana ITA"]
[Date "2004.08.20"]
[Round "1"]
[White "Bartolozzi, Roberto"]
[Black "Mantovani, Renzo"]
[Result "1/2-1/2"]
[WhiteElo "2104"]
[BlackElo "2382"]
[PlyCount "39"]
[EventDate "2004.08.20"]

1.Nf3 Nf6 2.d4 c5 3.e3 d5 4.c4 e6 5.Nc3 Nc6 6.Bd3 dxc4 7.Bxc4 a6 8.a4 cxd4
9.exd4 Qa5 10.O-O b5 11.Bd3 b4 12.Ne4 Bb7 13.Re1 Be7 14.Nxf6+ Bxf6 15.Be3 
O-O 16.Rc1 Be7 17.Nd2 Rfc8 18.Nc4 Qd8 19.d5 Qxd5 20.Nb6 1/2-1/2

[Event "XXIV Festival Conca della Presolana A"]
[Site "Bratto - Castione della Presolana ITA"]
[Date "2004.08.20"]
[Round "1"]
[White "Bellia, Fabrizio"]
[Black "Navarro, Stefano"]
[Result "0-1"]
[WhiteElo "2409"]
[BlackElo "2117"]
[PlyCount "36"]
[EventDate "2004.08.20"]

1.e4 e5 2.Nf3 Nc6 3.Bb5 f5 4.Nc3 fxe4 5.Nxe4 d5 6.Nxe5 dxe4 7.Nxc6 Qg5 8.
Ne5+ c6 9.f4 Qxg2 10.Bf1 Qxh1 11.Qh5+ g6 12.Nxg6 hxg6 13.Qxh8 Nh6 14.Qe5+ 
Kf7 15.f5 Bxf5 16.d4 Bh3 17.Bg5 Qxf1+ 18.Kd2 Qf2+ 0-1